Szép magyar könyv

Elmentve itt :
Bibliográfiai részletek
Dokumentumtípus: Cikk
Megjelent: 1973-04-22
Sorozat:Délmagyarország 63 No. 94
Kulcsszavak:Oktatóink, Greguss Pál, Kitüntetés
Online Access:http://dmarchiv.bibl.u-szeged.hu/88474
LEADER 00413nab a2200145 i 4500
001 delm88474
005 20190402140201.0
008 190402s1973 hu o 0|| hun d
040 |a SZTE Délmagyarország Archívum  |b hun 
041 |a hun 
245 0 0 |a Szép magyar könyv  |h [elektronikus dokumentum] 
260 |c 1973-04-22 
300 |a 12 
490 0 |a Délmagyarország  |v 63 No. 94 
695 |a Oktatóink, Greguss Pál, Kitüntetés